Vocabulario de evaluación educativa

Guardado en:
Detalles Bibliográficos
Autor principal: Castillo Arredondo, Santiago (Autor)
Formato: Libro
Lenguaje:español
Publicado: Madrid Pearson Educación 2003
Materias:
Etiquetas: Agregar Etiqueta
Sin Etiquetas, Sea el primero en etiquetar este registro!

MARC

LEADER 00000nam a2200000 a 4500
001 UCI3596
003 CL-VaPUC
008 071116e20030000SP |||||||||||||||||spa|d
020 |a 8420540412 
082 0 4 |a 371.26  |b CAS  |2 21 
100 0 |a Castillo Arredondo, Santiago  |e author  |9 524994 
245 1 0 |a Vocabulario de evaluación educativa 
300 |a 295 p 
942 |c BK 
945 |d 20071116 00:00:00  |a jtorresc 
260 |a Madrid  |b Pearson Educación  |c 2003 
650 0 |a Evaluación de la educación   |9 237505 
650 0 |a Investigación educacional   |9 261192 
583 |a last modification  |c 20071116 00:00:00  |k Rodrigo Vera 
999 |c 327740  |d 327738 
952 |0 0  |1 0  |4 0  |6 371_260000000000000_CAS_2003  |7 0  |8 A  |9 411134  |a BIBMAT  |b BIBMAT  |c E_DIDACT  |d 2019-11-22  |i 4389727  |o 371.26 CAS 2003  |p 4389727  |r 2025-01-07  |w 2019-11-22  |y BK  |k MAT